| 000 | 01230am a2200409a 44500 | ||
|---|---|---|---|
| 003 | AR-BaBNM | ||
| 005 | 20251128211044.0 | ||
| 008 | 062020s1998 #AR|||||||||||000 | esp|| | ||
| 020 | _a968-16-5374-2 | ||
| 040 | _cAR-BaBNM | ||
| 100 | 1 | _aCohen, Dorothy H. | |
| 245 | 1 | 0 | _aCómo aprenden los niños |
| 250 | _a1ª ed. | ||
| 260 |
_aMéxico, D.F. _bFondo de Cultura Económica _c1998 |
||
| 300 | _a382 p. | ||
| 490 | 0 | _aSección de obras de educación y pedagogía | |
| 500 | _aContiene índice analítico | ||
| 504 | _aContiene referencias bibliográficas al pie de página | ||
| 650 | 4 | _aPROCESO DE APRENDIZAJE | |
| 650 | 4 | _aPSICOLOGIA DEL DESARROLLO | |
| 650 | 4 | _aPAPEL DE LA ESCUELA | |
| 650 | 4 | _aPSICOLOGIA DEL NIÑO | |
| 650 | 4 | _aINFANCIA | |
| 650 | 4 | _aPAPEL DE LOS PADRES | |
| 650 | 4 | _aENSEÑANZA DE LA ESCRITURA | |
| 650 | 4 | _aENSEÑANZA DE LA LECTURA | |
| 650 | 4 | _aENSEÑANZA DE LAS MATEMATICAS | |
| 650 | 4 | _aEDUCACION MORAL | |
| 650 | 4 | _aAPRENDIZAJE EN GRUPO | |
| 650 | 4 | _aEDUCACION BASICA | |
| 653 | _aAPRENDIZAJE SIGNIFICATIVO | ||
| 653 | _aJARDINES DE INFANTES | ||
| 653 | _aCONTENIDOS CURRICULARES | ||
| 700 | 1 |
_aCenedella, Joan _eprologuista |
|
| 942 | _cBK | ||
| 998 | _craquel | ||
| 999 |
_c18032 _d18032 |
||